| 000 | 01372cam a22003731i 4500 | ||
|---|---|---|---|
| 001 | 015716201 | ||
| 003 | EG-ScBUE | ||
| 005 | 20250515084049.0 | ||
| 008 | 101209t2010 nyua f b 001 0 eng d | ||
| 020 | _a9781441930873 (pbk.) | ||
| 020 | _a1441930876 (pbk.) | ||
| 040 |
_aEG-ScBUE _beng _erda _cEG-ScBUE _dEG-ScBUE |
||
| 041 | 1 |
_aeng _hrus |
|
| 082 | 0 | 4 |
_a531.01515 _bARN _222 |
| 100 | 1 |
_aArnolʹd, V. I. _q(Vladimir Igorevich), _d1937-2010, _eauthor. |
|
| 240 | 1 | 0 |
_aMarematicheskie metody klassicheskoǐ mekhaniki. _lEnglish |
| 245 | 1 | 0 |
_aMathematical methods of classical mechanics / _cV. I. Arnold ; translated by K. Vogtmann and A. Weinstein. |
| 250 | _aSecond edition. | ||
| 264 | 1 |
_aNew York : _bSpringer, _c[2010] |
|
| 264 | 4 | _cc2010 | |
| 300 |
_aix, 516 pages : _billustrations ; _c24 cm. |
||
| 336 |
_2rdacontent _atext _btxt |
||
| 337 |
_aunmediated _2rdamedia _bn |
||
| 338 |
_avolume _bnc _2rdacarrier |
||
| 490 | 0 |
_aGraduate texts in mathematics ; _v60 |
|
| 500 | _aThis ed. of this translation originally published: 1989. | ||
| 504 | _aIncludes bibliographical references and index. | ||
| 546 | _aText in English ; translated from the original Russian language. | ||
| 650 | 7 |
_aMechanics, Analytic. _2BUEsh _96803 |
|
| 655 | _vReading book | ||
| 700 | 1 |
_aVogtmann, K., _etranslator. |
|
| 700 | 1 |
_aWeinstein, A., _etranslator. |
|
| 942 |
_2ddc _cBB |
||
| 999 |
_c27446 _d27417 |
||